000 00283nam a2200121Ia 4500
005 20251222144849.0
008 251222s9999||||xx |||||||||||||| ||spa||
020 _a9972-58-088-1
082 _a869.569.4/Y52
100 _aYerovi, Nicolás
245 0 _aTarjeta Amarilla
942 _cLIB
999 _c21528
_d21528